00476nam a22001457a 4500008004100000020002100041100002000062245005700082250000800139260003300147300000900180942001200189952011200201999001700313260616b |||||||| |||| 00| 0 eng d a978-902-479992-3 aMANJATE TERESA aA representacao do poder nos proverbiosbcaso tsonga a1ed aMaputobTexto Editora c2014 a215P 2udccBK 00102udc40718REFaMINER_TETbMINER_TETcGENd2026-06-16l0o82p22082391279r2026-06-16w2026-06-16yBK c56380d56379